| 000 | 00487nam a2200157 i 4500 | ||
|---|---|---|---|
| 001 | 70927 | ||
| 003 | ES-MaACL | ||
| 005 | 20230906170952.0 | ||
| 007 | t| | ||
| 008 | 040804s19271928ag ||||1| spa d | ||
| 100 | 1 |
_aGarzón Maceda, Félix. _955822 |
|
| 245 | 1 | 0 |
_aHistoria de la Facultad de Ciencias médicas / _cpor Félix Garzón Maceda. |
| 260 |
_aCórdoba (Argentina) : _b[s.n., _c1927-1928] ( _fImp. de la Universidad) |
||
| 300 |
_a3 v. ; _c28 cm. |
||
| 852 |
_aES-MaACL _jF-11523-25 |
||
| 999 |
_c70927 _d70927 |
||